• 首页
  • 本馆介绍
  • 公告通知
  • 最新文献
  • 馆藏检索
  • 电子资源
  • 读者导购
  • 参考咨询
  • 我的图书馆
  • 登录
  • 详细信息显示
  • 放入我的书架
  • 预约/预借图书
  • 作者相关作品
  • 分类相关作品
  • 丛书相关作品
  • 出版社相关作品

书目信息

  • 表格格式
  • 工作单格式
  • 卡片格式
题名:
十二大以来:重要文献选编 中
    
 
作者: 中共中央文献研究室编
分册:  
出版信息:   北京人民出版社  1986.10
页数: 507-1035页
开本: 大32开
丛书名:
单 册:
中图分类: D22
科图分类:
主题词: 中国共产党
电子资源:
ISBN:
000 00586nam0 2200181 45
001 9911301546
005 19991130153233.6
010    @d2.80
100    @a19991130d1986 km y0chiy0120 ea
101    @achi
105    @a z 000yy
200 1  @a十二大以来:重要文献选编 中@AShi Er Da Yi Lai:Zhong Yao Wen Xian Xuan Bian Zhong@f中共中央文献研究室编@FZhong Gong Zhong Yang Wen Xian Yan Jiu Shi Bian
210    @c北京人民出版社@d1986.10
215    @a507-1035页@c无图表@d大32开
606 0  @a中国共产党
690    @aD22@v3
801    @aCN@bPerfectUser@c19991130
905    @aBZT@b22466-470@f5@dD22@e2
    
    十二大以来:重要文献选编 中/中共中央文献研究室编.-北京人民出版社,1986.10
    507-1035页:无图表;大32开
    
    
    ISBN :2.80
    
●
相关链接 在五车中查询图书 在当当中查询图书 在豆瓣中查询图书


正题名:十二大以来:重要文献选编 中     索取号:D22/2         预约/预借

序号 登录号 条形码 馆藏地/架位号 状态 备注
1 22466   200381835   中心书库南/010架B面3层6列/ [索取号:D22/2] 在馆    
2 22467   200381844   中心书库南/010架B面3层6列/ [索取号:D22/2] 在馆    
3 22468   200381826   中心书库南/010架B面3层6列/ [索取号:D22/2] 在馆    
4 22469   200563684   中心书库南/010架B面3层6列/ [索取号:D22/2] 在馆    
5 22470   200563675   中心书库南/010架B面3层6列/ [索取号:D22/2] 在馆    
山东省滨州职业学院图书馆 欢迎您!
大连网信软件有限公司© 版权所有